000 00590cam a2200217 4500
001 D7278
008 090401t1959 xxu||||| |||| 00| 0 eng d
035 _a(Sirsi) u6435
041 _aeng
050 _a630.026
090 _a630.026
100 _aMustoe, N.E.
245 _aAgricultural law and tenant right, with chapters on the practice of tenant right valuation and on agricultural law generally
250 _a5th
260 _aLondon
_bEstates Gazette
_c1959
300 _alx. 1072p. 22cm
350 _a5.25
700 _aWood, Raymond H
942 _n0
948 _c04/03/1997
999 _c86300
_d86300